[Event "ESP-chT CECLUB Div2"]
[Site "Linares"]
[Date "2020.08.25"]
[Round "3.5"]
[White "Fernandez Cantalapiedra, Isabel"]
[Black "Gomez Pastrana, Alba"]
[Result "1-0"]
[WhiteElo "1775"]
[BlackElo "1336"]
[PlyCount "79"]
[EventDate "2020.08.24"]
[EventType "team-tourn"]
[EventRounds "6"]
[EventCountry "ESP"]
[SourceTitle "CBM 198 Extra"]
[Source "ChessBase"]
[SourceDate "2020.11.30"]
[SourceVersion "1"]
[SourceVersionDate "2020.11.30"]
[SourceQuality "1"]
[WhiteTeam "Salcedo CC"]
[BlackTeam "Valladolid Promesas"]
[WhiteTeamCountry "ESP"]
[BlackTeamCountry "ESP"]

1. d4 Nf6 2. Nf3 e6 3. Bf4 b6 4. e3 Bb7 5. Bd3 Be7 6. 0-0 0-0 7. h3 d5 8. Nbd2 Nbd7 9. Qe2 c5 10. c3 c4 11. Bc2 b5 12. b4 a5 13. a3 axb4 14. axb4 Qb6 15. Bg5 Bd6 16. e4 dxe4 17. Nxe4 Nxe4 18. Bxe4 Qc7 19. Rfe1 Nb6 20. Bd2 Na4 21. Bc2 Ra6 22. Ng5 h6 23. Qh5 Bf4 24. Bxf4 Qxf4 25. Ne4 Bd5 26. g3 Qc7 27. g4 Qf4 28. g5 f5 29. gxf6 Bxe4 30. Bxe4 Qxf6 31. f3 Qg5+ 32. Qxg5 hxg5 33. Re3 Rf7 34. Bg6 Rfa7 35. Rae1 Re7 36. Ra1 Rea7 37. Be8 Rb6 38. Re5 Re7 39. Bg6 Nxc3 40. Ra8+ 1-0